000 01396nam a2200373 i 4500
001 13893
003 KOSZ 005
005 20250805063837.0
008 071128s1971 pl a f f 001 0 pol
015 _aPB 1971/8961
040 _aWA N
_cWA N
_dKOSZ 005/RW
041 1 _apol
_hrus
080 _a53
245 0 0 _aKurs fizyki.
_nT. 1,
_pMechanika : podstawy fizyki cząsteczkowej i termodynamiki /
_cB. Jaworski [et al. ; z rosyjskiego tłumaczyli Maria Krügerowa, Stanisław Ignatowicz].
246 1 _iTytuł oryginału:
_aKurs fiziki.
250 _aWydanie 2.
260 _aWarszawa :
_bPaństwowe Wydawnictwo Naukowe,
_c1971.
300 _a446, [1] stron :
_bilustracje ;
_c23 cm.
336 _aTekst
_btxt
_2rdacontent
337 _aBez urządzenia pośredniczącego
_bn
_2rdamedia
338 _aWolumin
_bnc
_2rdacarrier
380 _aKsiążki.
504 _aIndeks.
658 _aFizyka i astronomia
650 4 _aMechanika
650 4 _aTermodynamika
650 4 _aCząsteczka
700 1 _aKrügerowa, Maria
_eTłumaczenie
700 1 _aIgnatowicz, Stanisław Andrzej
_d(1933-1993)
_eTłumaczenie
700 1 _aÂvorskij, Boris Mihajlovič
_eAutor
710 2 _aPaństwowe Wydawnictwo Naukowe
_4pbl.
856 _uhttp://koha.tu.koszalin.pl/cgi-bin/koha/opac-detail.pl?biblionumber=13893
_yKatalog online BPK
942 _2UKD
_cKS
999 _c13893
_d13893